| 000 | 00852nam a2200193 a 4500 | ||
|---|---|---|---|
| 008 | 150226s2012 ||||||||||||||||| || u | ||
| 020 | _a9781446247211 | ||
| 050 | _aR 737 Int | ||
| 100 | _aAlwan, Ibrahim Al | ||
| 245 | 1 | 0 |
_aInternational handbook of medical education: a guide for students _cEdited By Ibrahim Al Alwan, Mohi Eldin Magzoub [and] Margaret Elzubeir |
| 260 |
_aLos Angeles _b2012 _c2012 |
||
| 260 |
_aLos Angeles _bSAGE Publications _c2012 |
||
| 300 | _axxii, 357p.ill. | ||
| 350 | _a100.00 | ||
| 650 | 0 | _aMEDICAL EDUCATION--HANDBOOKS, MANUALS, ETC | |
| 650 | _aEDUCATION, MEDICAL | ||
| 650 | _aMEDICAL EDUCATION POLICY--HANDBOOKS, MANUALS ETC | ||
| 995 |
_aMICHAEL CHILUFYA SATA OPEN ACCESS _e902977 _FCBU-SCHOOL OF MEDICINE LIBRARY (Ndola) _I100.00 _jR 737 Int _M1 _UAVAILABLE _WMar 11, 2015 _y902977 _ZMedical Library Open Access Collection |
||
| 999 |
_c31818 _d31818 |
||